| 000 | 00439nam a22001577a 4500 | ||
|---|---|---|---|
| 005 | 20251108172838.0 | ||
| 008 | 250721s1974 xx 000 0 ara d | ||
| 082 | 1 | 4 | _a657.46/صاد |
| 100 | 1 | _aالحسني، صادق محمد حسين | |
| 245 | 1 | 0 | _aضريبة الدخل / |
| 264 | 1 |
_aبغداد : _c1974. |
|
| 300 | _a400ص | ||
| 490 | 0 | _aدراسات في النحاسبة المتخصصة | |
| 942 |
_2ddc _cBK |
||
| 999 |
_c89906 _d89906 |
||